000 00608nam a2200229Ia 4500
003 OSt
005 20220924123112.0
006 a|||||r|||| 00| 0
007 ta
008 220923b |||||||| |||| 00| 0 kan d
024 _a351692
037 _cTextual
040 _aARTS
_cARTS
_bkan
041 _2kan
_akan
082 _aO33jNSRI, N7
100 _aSrinivasa P S Au.
_9191659
245 0 _aMadhura
260 _aMadurai
_bPrabhasa Bidugade India
_c1997
650 _aKANNAD LITERATURE
942 _hO33jNSRI, N7
_cTEXL
_2CC
999 _c414321
_d414321